Statystyki dla 10 najdroższych piłkarzy premier league

Kliknij tutaj aby rozwiązać quiz!

Ogólne statystyki

  • Ten quiz został rozwiązany 31 razy
  • Średni wynik to 6 z 10

Statystyki odpowiedzi

wartośćPiłkarz% Poprawnych
180 mlnErling Haaland
93%
130 mlnPhil Foden
93%
130 mlnBukayo Saka
87%
110 mlnDeclan Rice
57%
95 mlnMartin Odegaard
57%
110 mlnRodri
50%
80 mlnWilliam Saliba
43%
90 mlnJulian Alvarez
40%
80 mlnEnzo Fernandez
37%
85 mlnBruno Guimaraes
13%

Rozkład punktacji

Percentyl według liczby udzielonych odpowiedzi

Procent ludzi z każdym wynikiem

Twoja historia wyników

Nie rozwiązałeś tego quizu